| 000 | 01225nam a2200229Ia 4500 | ||
|---|---|---|---|
| 001 | L264-20770 | ||
| 003 | IT-CnALBA | ||
| 008 | 170116s9999||||xx |||||||||||||| ||und|| | ||
| 040 |
_aIT-CnALBA _cIT-CnALBA |
||
| 041 | _aITALIANO | ||
| 100 | _aCUTTAZ FRANCOIS, MONS. | ||
| 245 | 0 | _aRISPETTO DELLA PERSONA UMANA. GLI EFFETTI DELLA CRESIMA. | |
| 250 | _a1a ed. | ||
| 260 |
_aCINISELLO BALSAMO (MI) _bEDIZIONI PAOLINE _c1965 [1° Ed.: n.d.] |
||
| 300 | _a263 p. (prefazione: 5) | ||
| 500 | _aTRADUZIONE DAL FRANCESE (NOTRE PENTECOTE) DI CARLO M. RICHELMY. SCOPO DELLA CRESIMA. IMPEGNI. CARATTERE. GRAZIA SACRAMENTALE. GRAZIA SANTIFICANTE (DI ADOZIONE). AIUTO DEL PADRINO. SOGGETTO. MINISTRO DEL SACRAMENTO. RITO ESSENZIALE. PRESCRIZIONI E RITI SEC | ||
| 501 | _aSocietà San Paolo EM - Piazza San Paolo, 14 - 12051 ALBA (CN) (non commercial uses only) ® Copyright 2017 | ||
| 520 | _aTRADUZIONE DAL FRANCESE (NOTRE PENTECOTE) DI CARLO M. RICHELMY. SCOPO DELLA CRESIMA. IMPEGNI. CARATTERE. GRAZIA SACRAMENTALE. GRAZIA SANTIFICANTE (DI ADOZIONE). AIUTO DEL PADRINO. SOGGETTO. MINISTRO DEL SACRAMENTO. RITO ESSENZIALE. PRESCRIZIONI E RITI SEC | ||
| 650 | _aCULTO PUBBLICO LITURGIA | ||
| 942 | _cBK | ||
| 957 | _71 | ||
| 999 |
_a25507 _bNO _g Copie: 1 _c279885 _d279885 |
||